Malaysia 1973 : Buku Rasmi Tahunan

Bibliographic Details
Format: Book
Language:Malay
Published: Kuala Lumpur : Jabatan Perkhidmatan Penerangan 1975
Subjects:

MARC

LEADER 00000cam a2200000 7i4500
001 0000009498
005 20241004.0
008 240311 my a may
020 |a 01268627 
040 |a INS   |b eng   |e rda 
090 0 0 |a RDS591   |b .M25 1975 
245 0 0 |a Malaysia 1973 :   |b Buku Rasmi Tahunan 
264 1 |a Kuala Lumpur :   |b Jabatan Perkhidmatan Penerangan   |c 1975 
300 |a 686 pages :   |b illustrations, colour photographs ;   |c 38 cm. 
336 |a text  |2 rdacontent 
337 |a unmediated  |2 rdamedia 
338 |a volume  |2 rdacarrier 
651 0 |a Malaysia   |x Yearbooks 
999 |a 0000023984   |b BOOK   |c Red Spot   |e Default branch